[Event "10. Volme-Open (A)"]
[Site "?"]
[Date "2016.08.28"]
[Round "5"]
[White "Schulze, Marc"]
[Black "Browning, Alex"]
[Result "1-0"]
[WhiteElo "2176"]
[BlackElo "2036"]
[PlyCount "89"]
[SourceDate "2016.08.28"]

1. c4 Nf6 2. Nc3 g6 3. d4 Bg7 4. Nf3 O-O 5. e4 d6 6. Be2 e5 7. O-O Nc6 8. dxe5
dxe5 9. Qxd8 Rxd8 10. Bg5 Nd4 11. Nxd4 Rxd4 12. Nd5 Nxe4 13. Be3 c6 14. Ne7+
Kf8 15. Bxd4 exd4 16. Nxc8 Rxc8 17. Rfd1 a5 18. Rab1 Ra8 19. Bf1 f5 20. f3 Nc5
21. Kf2 Ke7 22. h4 h6 23. b3 h5 24. Bd3 Bh6 25. g3 Be3+ 26. Kg2 Kd6 27. Rb2 Ke5
28. f4+ Kd6 29. Re2 Kc7 30. Kf3 Re8 31. Bc2 Kb6 32. Rxd4 Bxd4 33. Rxe8 Bg7 34.
a3 Bb2 35. Rg8 Ne6 36. Ke3 Bg7 37. b4 axb4 38. axb4 c5 39. bxc5+ Kxc5 40. Kd3
Kc6 41. Bd1 Kd6 42. Bf3 b6 43. Bd5 Nc5+ 44. Ke2 Bd4 45. Rxg6+ 1-0

[Event "10. Volme-Open (A)"]
[Site "?"]
[Date "2016.08.28"]
[Round "5"]
[White "Eckardt, Joshua"]
[Black "Kramps, Rene"]
[Result "1-0"]
[WhiteElo "2183"]
[BlackElo "2067"]
[PlyCount "89"]
[SourceDate "2016.08.28"]

1. d4 c5 2. d5 f5 3. e4 fxe4 4. Nc3 Nf6 5. Nge2 g6 6. Ng3 Bg7 7. Ncxe4 Nxe4 8.
Nxe4 Qb6 9. c3 d6 10. h4 Na6 11. Bd3 Rf8 12. Qe2 Bf5 13. Ng5 Bxd3 14. Qxd3 c4
15. Qe2 Nc5 16. Be3 Qxb2 17. Qxb2 Nd3+ 18. Kd2 Nxb2 19. Ne6 Kf7 20. Nxf8 Kxf8
21. Rab1 Na4 22. Rhc1 Nb6 23. Bxb6 axb6 24. Rc2 Ra5 25. Rxb6 Rxd5+ 26. Ke2 Rd3
27. Rxb7 Bxc3 28. a4 d5 29. Ra2 Rd4 30. a5 Rxh4 31. a6 Bd4 32. a7 Bxa7 33.
Raxa7 Re4+ 34. Kd2 Kf7 35. f3 Re5 36. Kc3 Kf6 37. Kd4 h5 38. g3 Rg5 39. Rxe7
Rxg3 40. Rf7+ Kg5 41. Kxd5 h4 42. Kxc4 h3 43. Ra5+ Kh6 44. Ra1 g5 45. Ra6+ 1-0

[Event "10. Volme-Open (A)"]
[Site "?"]
[Date "2016.08.28"]
[Round "5"]
[White "Naundorf, Maik"]
[Black "Schmücker, Markus"]
[Result "1/2-1/2"]
[WhiteElo "2110"]
[BlackElo "2173"]
[PlyCount "33"]
[SourceDate "2016.08.28"]

1. c4 Nh6 2. Nc3 f6 3. d3 Nf7 4. g3 d6 5. Bg2 c6 6. Rb1 g6 7. e3 Bg7 8. Nge2
O-O 9. Qd2 e6 10. b3 f5 11. f4 Nd7 12. O-O e5 13. Kh1 Nf6 14. Bb2 Be6 15. Rbd1
Qd7 16. d4 exd4 17. Nxd4 1/2-1/2

[Event "10. Volme-Open (B)"]
[Site "?"]
[Date "2016.08.28"]
[Round "5"]
[White "Pelt, Alexander"]
[Black "Maniocha , Marek"]
[Result "1-0"]
[WhiteElo "1961"]
[BlackElo "1886"]
[PlyCount "123"]
[SourceDate "2016.08.28"]

1. d4 d5 2. Nf3 Nf6 3. e3 e6 4. Bd3 c5 5. c3 Nc6 6. O-O Bd6 7. dxc5 Bxc5 8.
Nbd2 O-O 9. e4 Bd6 10. Re1 Qc7 11. Qe2 Ng4 12. h3 Nge5 13. Nxe5 Nxe5 14. Bc2
Ng6 15. Nf3 Bd7 16. e5 Be7 17. Ng5 Rac8 18. Qh5 Bxg5 19. Bxg5 Be8 20. Rad1 Qb6
21. Bc1 Rc4 22. Bd3 Ra4 23. Bb1 d4 24. b3 dxc3 25. Be3 Rh4 26. Qxh4 Nxh4 27.
Bxb6 axb6 28. Rd4 Ng6 29. Bxg6 hxg6 30. Rd8 Bc6 31. Rxf8+ Kxf8 32. Rc1 b5 33.
Rxc3 Ke7 34. Kf1 Kd7 35. Rd3+ Kc7 36. Rd4 g5 37. Rg4 g6 38. Rxg5 Kb6 39. b4 Kc7
40. Rg4 Kd7 41. Rf4 Ke7 42. h4 Kf8 43. g4 Kg7 44. g5 Kf8 45. Ke2 Ke7 46. Ke3
Bd5 47. a3 b6 48. h5 gxh5 49. Rh4 Bc6 50. Rxh5 Be8 51. Kd4 Kf8 52. f4 Kg7 53.
Rh1 Bc6 54. Rc1 Bd5 55. Rc7 Kg6 56. Rd7 Bf3 57. Rd6 Kf5 58. Ke3 Bd5 59. Rxb6
Bc4 60. Rb7 Kg6 61. Rc7 Bf1 62. Ra7 1-0

[Event "10. Volme-Open (C)"]
[Site "?"]
[Date "2016.08.28"]
[Round "5"]
[White "Biermann, Lenhard"]
[Black "Klüting, Reiner"]
[Result "1/2-1/2"]
[WhiteElo "1812"]
[BlackElo "1858"]
[PlyCount "50"]
[SourceDate "2016.08.28"]

1. d4 Nf6 2. c4 e5 3. dxe5 Ng4 4. Bf4 Nc6 5. Nf3 Bb4+ 6. Nbd2 Qe7 7. e3 Ngxe5
8. Nxe5 Nxe5 9. Be2 O-O 10. O-O Bxd2 11. Qxd2 d6 12. Rfd1 Re8 13. Qd5 Ng6 14.
Bg3 a5 15. Rd2 Ra7 16. Rc1 b6 17. h3 Bb7 18. Qb5 Ne5 19. Rcd1 Bc6 20. Qb3 Nd7
21. Qc2 Nc5 22. Bd3 Be4 23. Bxe4 Nxe4 24. Re2 Nxg3 25. fxg3 Qe5 1/2-1/2

[Event "10. Volme-Open (C)"]
[Site "?"]
[Date "2016.08.28"]
[Round "5"]
[White "Brik, Maxim"]
[Black "Tesche, Wolfram"]
[Result "1-0"]
[WhiteElo "1864"]
[BlackElo "1795"]
[PlyCount "91"]
[SourceDate "2016.08.28"]

1. d4 d5 2. c4 c6 3. Nf3 Nf6 4. Nc3 dxc4 5. a4 Bf5 6. e3 e6 7. Bxc4 Nbd7 8. O-O
Bd6 9. Qe2 Bg4 10. h3 Bh5 11. e4 Bxf3 12. Qxf3 e5 13. d5 O-O 14. Bg5 Qa5 15.
Rfd1 c5 16. Nb5 Bb8 17. d6 a6 18. Nc3 Qb4 19. b3 Ba7 20. a5 b5 21. Nd5 Nxd5 22.
Bxd5 c4 23. bxc4 bxc4 24. Bxa8 Rxa8 25. Be3 Bc5 26. Rdb1 Qc3 27. Bxc5 Qxf3 28.
gxf3 Nxc5 29. Rb6 Nb3 30. Ra4 Nd2 31. Rc6 Kf8 32. Ra2 Nxf3+ 33. Kf1 Rd8 34.
Rxa6 c3 35. Rc2 Rc8 36. d7 Rd8 37. Rxc3 Nd2+ 38. Ke2 Nxe4 39. Re3 Nc5 40. Rc6
Nxd7 41. Rd3 Ke7 42. Rcd6 f5 43. a6 g5 44. Rxd7+ Rxd7 45. Rxd7+ Kxd7 46. a7 1-0

[Event "10. Volme-Open (C)"]
[Site "?"]
[Date "2016.08.28"]
[Round "5"]
[White "Galicki, Ryszard"]
[Black "Vishanji, Adrian"]
[Result "1-0"]
[WhiteElo "1882"]
[BlackElo "1810"]
[PlyCount "108"]
[SourceDate "2016.08.28"]

1. e4 e6 2. d4 d5 3. e5 c5 4. c3 Nc6 5. f4 Qb6 6. Nf3 Bd7 7. a3 cxd4 8. cxd4
Nge7 9. Nc3 Nf5 10. Na4 Qd8 11. b4 b6 12. g4 Nfxd4 13. Nc3 Nxf3+ 14. Qxf3 a6
15. Ne2 Be7 16. Be3 Bh4+ 17. Bf2 Bxf2+ 18. Qxf2 O-O 19. Bg2 f6 20. exf6 Rxf6
21. g5 Rf8 22. O-O Rc8 23. Rac1 Ne5 24. Qg3 Nc4 25. f5 Nd2 26. Rxc8 Bxc8 27.
Rd1 Nc4 28. f6 Qd6 29. fxg7 Kxg7 30. Qh4 Qe5 31. Ng3 Kg8 32. Nh5 Qf5 33. Nf6+
Kh8 34. Rf1 Qg6 35. Re1 b5 36. Qd4 Qg7 37. h4 h6 38. Qc5 Nxa3 39. Nh5 Qg8 40.
Qc3+ Kh7 41. Qxa3 hxg5 42. Qg3 Kh6 43. Re5 Rf5 44. Nf6 Rxf6 45. Qxg5+ Qxg5 46.
hxg5+ Kg6 47. gxf6 Kxf6 48. Rh5 d4 49. Kf2 e5 50. Be4 Bg4 51. Rh7 Bf5 52. Rh6+
Kg5 53. Bxf5 Kxh6 54. Bc8 Kg6 1-0

[Event "10. Volme-Open (D)"]
[Site "?"]
[Date "2016.08.28"]
[Round "5"]
[White "Dolgopolyj, Vladimir"]
[Black "Kroo, Julian"]
[Result "1-0"]
[WhiteElo "1793"]
[BlackElo "1735"]
[PlyCount "145"]
[SourceDate "2016.08.28"]

1. e4 c5 2. Nf3 d6 3. d4 cxd4 4. Nxd4 Nf6 5. Nc3 e5 6. Nb3 Be7 7. Be2 Be6 8.
Bg5 a6 9. O-O O-O 10. Qd2 Qc7 11. Rad1 Rd8 12. Bxf6 Bxf6 13. Nd5 Bxd5 14. Qxd5
Nc6 15. c3 Ne7 16. Qd3 d5 17. Bf3 dxe4 18. Qxe4 Nc6 19. Nc5 Rac8 20. Bg4 Rxd1
21. Rxd1 Rd8 22. Nd7 Be7 23. b4 Bd6 24. Qd5 Be7 25. a4 Nb8 26. Rd3 Nxd7 27.
Bxd7 e4 28. Rd1 Qxc3 29. Qxb7 e3 30. fxe3 Qxe3+ 31. Kh1 Qe2 32. Rg1 Qd2 33. Bc6
Qxb4 34. Qxa6 Bc5 35. Rf1 Qb6 36. Qxb6 Bxb6 37. Re1 Kf8 38. g3 Rb8 39. Re4 Rc8
40. Bd7 Rd8 41. Rb4 Rxd7 42. Rxb6 Ra7 43. Rb4 Ke7 44. Kg2 Kd6 45. Kf3 f6 46.
Kf4 Ra5 47. Rd4+ Kc6 48. h3 g5+ 49. Ke4 f5+ 50. Ke3 Re5+ 51. Kf3 Ra5 52. h4 Kc5
53. Ke3 g4 54. Rf4 Kc6 55. Rb4 Kd6 56. Kf4 Ke6 57. Kg5 Ra6 58. Kh5 Kf6 59. Kh6
Ke6 60. a5 Ke5+ 61. Kg5 Ra8 62. h5 Rg8+ 63. Kh4 Ra8 64. Ra4 Ra6 65. Kg5 Ra8 66.
a6 Rg8+ 67. Kh4 Kf6 68. a7 Ra8 69. Ra6+ Ke5 70. h6 f4 71. Kxg4 Rg8+ 72. Kf3
Rxg3+ 73. Kf2 1-0

[Event "10. Volme-Open (D)"]
[Site "?"]
[Date "2016.08.28"]
[Round "5"]
[White "Ertelt , Pornchai"]
[Black "Biermann, Florian"]
[Result "0-1"]
[WhiteElo "1736"]
[BlackElo "1777"]
[PlyCount "60"]
[SourceDate "2016.08.28"]

1. d4 Nf6 2. Nf3 g6 3. c4 Bg7 4. Nc3 O-O 5. e4 d6 6. Be2 e5 7. Bg5 Qe8 8. d5
Nbd7 9. O-O Nc5 10. Nd2 a6 11. f3 Nh5 12. Nb3 Nxb3 13. Qxb3 Nf4 14. Bd1 h6 15.
Bh4 Qd7 16. Ne2 Nxg2 17. Bg3 Qh3 18. Rf2 Nf4 19. Nxf4 exf4 20. Bxf4 h5 21. Qa3
f5 22. exf5 Bxf5 23. Be2 Rae8 24. Kh1 Bd7 25. Bg3 Bd4 26. Rg2 g5 27. Rd1 Re3
28. Qb4 Bb6 29. Bxd6 Rfe8 30. Rd2 Rxe2 0-1

[Event "10. Volme-Open (D)"]
[Site "?"]
[Date "2016.08.28"]
[Round "5"]
[White "Kölz, Niklas"]
[Black "Vishanji, Franz"]
[Result "1-0"]
[WhiteElo "1787"]
[BlackElo "1687"]
[PlyCount "47"]
[SourceDate "2016.08.28"]

1. c4 Nf6 2. g3 e6 3. Bg2 Nc6 4. Nc3 Be7 5. e4 O-O 6. Nge2 Ne5 7. d3 c5 8. f4
Nc6 9. O-O Ne8 10. Be3 Nc7 11. d4 cxd4 12. Nxd4 Bc5 13. Kh1 Qe7 14. a3 b6 15.
b4 Bxd4 16. Bxd4 f6 17. e5 f5 18. b5 Nxd4 19. Bxa8 Qc5 20. Na4 Qxc4 21. Rc1
Qxb5 22. Rxc7 Ba6 23. Bg2 Nc6 24. Qxd7 1-0

[Event "10. Volme-Open (E)"]
[Site "?"]
[Date "2016.08.28"]
[Round "5"]
[White "Browning, Rebecca"]
[Black "Leonard, Timo"]
[Result "0-1"]
[WhiteElo "1683"]
[BlackElo "1595"]
[PlyCount "104"]
[SourceDate "2016.08.28"]

1. e4 e6 2. d4 d5 3. exd5 exd5 4. Nf3 Bg4 5. Be2 Nf6 6. Bf4 Bd6 7. Bxd6 Qxd6 8.
O-O O-O 9. Nc3 c6 10. h3 Bh5 11. Re1 Nbd7 12. a3 Rfe8 13. Nh2 Bxe2 14. Nxe2 Ne4
15. Qd3 Ndf6 16. Nf3 Re7 17. Nh4 g6 18. Nf3 Rae8 19. h4 Ng4 20. Rf1 Nexf2 21.
Rxf2 Nxf2 22. Kxf2 Rxe2+ 23. Qxe2 Rxe2+ 24. Kxe2 Qg3 25. Kf1 f6 26. Re1 Kf7 27.
c3 h6 28. Re2 g5 29. hxg5 hxg5 30. Rf2 Kg6 31. Kg1 g4 32. Nh2 f5 33. Nf1 Qd3
34. Rd2 Qe4 35. Rf2 f4 36. Nd2 Qe1+ 37. Nf1 Kg5 38. Rd2 b6 39. Rd3 Kf5 40. Rd2
Ke4 41. Rf2 a6 42. a4 a5 43. Rc2 g3 44. Rd2 b5 45. axb5 cxb5 46. b4 a4 47. Ra2
Kd3 48. Rd2+ Qxd2 49. Nxd2 Kxd2 50. c4 a3 51. c5 a2 52. c6 a1=Q# 0-1

[Event "10. Volme-Open (E)"]
[Site "?"]
[Date "2016.08.28"]
[Round "5"]
[White "Margenberg , Volker"]
[Black "Baran , Peter"]
[Result "1/2-1/2"]
[WhiteElo "1642"]
[BlackElo "1664"]
[PlyCount "50"]
[SourceDate "2016.08.28"]

1. d4 d5 2. Nf3 Nf6 3. c4 e6 4. Bg5 Be7 5. Nc3 O-O 6. e3 b6 7. Be2 Bb7 8. O-O
Nbd7 9. Re1 c5 10. Rc1 Rc8 11. cxd5 Nxd5 12. Bxe7 Qxe7 13. Bd3 a6 14. Qe2 b5
15. a3 cxd4 16. Nxd5 Bxd5 17. exd4 Bb7 18. Qe3 Nf6 19. h3 Rxc1 20. Rxc1 Rc8 21.
Re1 g6 22. Ne5 Kg7 23. f4 Qd6 24. Rd1 Rd8 25. Be2 Nd7 1/2-1/2

[Event "10. Volme-Open (E)"]
[Site "?"]
[Date "2016.08.28"]
[Round "5"]
[White "Riehl, Tim"]
[Black "Scholz, Sebastian"]
[Result "1/2-1/2"]
[WhiteElo "1683"]
[BlackElo "1617"]
[PlyCount "33"]
[SourceDate "2016.08.28"]

1. d4 Nf6 2. Nf3 e6 3. c4 b6 4. Nc3 Bb4 5. Bf4 O-O 6. e3 Bb7 7. Be2 Ne4 8. Qb3
Nxc3 9. bxc3 Be7 10. O-O Nc6 11. Qc2 Ba6 12. Bd3 f5 13. h3 Na5 14. Nd2 Rc8 15.
c5 Bxd3 16. Qxd3 bxc5 17. Qa6 1/2-1/2

[Event "10. Volme-Open (F)"]
[Site "?"]
[Date "2016.08.28"]
[Round "5"]
[White "Skapski, Miroslav"]
[Black "Scheunemann , Uwe"]
[Result "0-1"]
[WhiteElo "1549"]
[BlackElo "1486"]
[PlyCount "74"]
[SourceDate "2016.08.28"]

1. e4 c6 2. d4 d5 3. e5 Bf5 4. Nf3 h6 5. Bd3 Bxd3 6. Qxd3 e6 7. O-O Nd7 8. Nbd2
b5 9. b3 Nb6 10. Re1 a6 11. Bb2 Ne7 12. Rac1 Ng6 13. g3 Be7 14. c4 b4 15. cxd5
cxd5 16. Rc6 O-O 17. Rec1 Qb8 18. Nf1 Qb7 19. Rc7 Qb8 20. Ne3 Rc8 21. Rxc8+
Nxc8 22. Rc6 Qb7 23. Qc2 Bd8 24. Ne1 Nce7 25. Rd6 Rc8 26. Qd3 Nc6 27. f4 Be7
28. f5 Bxd6 29. fxg6 Bf8 30. gxf7+ Qxf7 31. Qxa6 Ne7 32. Kg2 Rc6 33. Qb7 Qg6
34. Qxb4 Nf5 35. Qd2 Nxe3+ 36. Qxe3 Bb4 37. Kg1 Qb1 0-1

[Event "10. Volme-Open (F)"]
[Site "?"]
[Date "2016.08.28"]
[Round "5"]
[White "Baran, Daniel"]
[Black "Chamera, Maxim"]
[Result "0-1"]
[WhiteElo "1502"]
[BlackElo "1545"]
[PlyCount "95"]
[SourceDate "2016.08.28"]

1. e4 c6 2. d4 d5 3. exd5 cxd5 4. Nf3 Bf5 5. Bd3 Bxd3 6. Qxd3 e6 7. O-O Bd6 8.
Nc3 Nf6 9. Bg5 h6 10. Bh4 Nc6 11. a3 O-O 12. Rfe1 Rc8 13. Ne5 Be7 14. Bg3 Qb6
15. Nxc6 Rxc6 16. b3 Rfc8 17. Na4 Qd8 18. Rec1 Ne4 19. Bf4 Bg5 20. Bxg5 Qxg5
21. f3 Qd2 22. Qxd2 Nxd2 23. Nc5 b6 24. Rd1 Nxf3+ 25. gxf3 bxc5 26. c4 cxd4 27.
cxd5 exd5 28. Rxd4 Rc3 29. Rxd5 Rxb3 30. Ra5 Rc7 31. Kg2 Rc2+ 32. Kg3 Rcc3 33.
Rxa7 Rxf3+ 34. Kg2 Rfc3 35. a4 Rc2+ 36. Kg1 Rbb2 37. h4 Rg2+ 38. Kf1 Rh2 39.
Kg1 Rbg2+ 40. Kf1 Rg6 41. Re1 Rh1+ 42. Kf2 Rf6+ 43. Ke3 Rxe1+ 44. Kd4 Rf4+ 45.
Kc5 Rd1 46. a5 Ra4 47. Kb6 f5 48. a6 0-1

[Event "10. Volme-Open (G)"]
[Site "?"]
[Date "2016.08.28"]
[Round "5"]
[White "Mai , Artur"]
[Black "Radczewill , Horst"]
[Result "0-1"]
[WhiteElo "1486"]
[BlackElo "1448"]
[PlyCount "56"]
[SourceDate "2016.08.28"]

1. e4 g6 2. d4 d6 3. Be3 Nf6 4. Nd2 Bg7 5. Ngf3 O-O 6. Bd3 Nc6 7. O-O e5 8. c3
Ng4 9. Qe2 Nxe3 10. Qxe3 Bd7 11. Nc4 Bg4 12. d5 Ne7 13. Nfd2 f5 14. exf5 Bxf5
15. Bxf5 Rxf5 16. Nb3 Nxd5 17. Qe4 c6 18. Nba5 Rf4 19. Qd3 Qe7 20. f3 Kh8 21.
Rfe1 Rf7 22. g3 Qg5 23. Kh1 Raf8 24. Rf1 Qh5 25. Nd2 Bh6 26. Nac4 Rf6 27. Rae1
R8f7 28. Re2 b5 0-1

[Event "10. Volme-Open (G)"]
[Site "?"]
[Date "2016.08.28"]
[Round "5"]
[White "Yangibayev, Rustam"]
[Black "Mirus, Lothar"]
[Result "1/2-1/2"]
[WhiteElo "1452"]
[BlackElo "1471"]
[PlyCount "60"]
[SourceDate "2016.08.28"]

1. d4 d5 2. Nf3 Nf6 3. Bg5 e6 4. e3 Nc6 5. c4 Be7 6. Nc3 a6 7. Bd3 h6 8. Bf4
O-O 9. O-O Bd6 10. Bxd6 Qxd6 11. c5 Qe7 12. a3 Re8 13. b4 b5 14. cxb6 cxb6 15.
Na4 Rb8 16. Rc1 Qd6 17. Bb1 Bd7 18. Qd3 Nxb4 19. axb4 Bxa4 20. Qxa6 Qxb4 21.
Bd3 Bd7 22. Ne5 Qd6 23. Qa2 b5 24. h3 b4 25. Nxd7 Nxd7 26. Qb3 Rec8 27. Rxc8+
Rxc8 28. Rb1 Rb8 29. Qa4 Nf6 30. Bb5 Ne4 1/2-1/2

[Event "10. Volme-Open (G)"]
[Site "?"]
[Date "2016.08.28"]
[Round "5"]
[White "Hardt, Silas"]
[Black "Leonidas, Robert"]
[Result "1-0"]
[WhiteElo "1482"]
[BlackElo "1445"]
[PlyCount "97"]
[SourceDate "2016.08.28"]

1. c4 e5 2. Nc3 Nf6 3. g3 c6 4. Bg2 d5 5. cxd5 cxd5 6. e3 Nc6 7. Nge2 Bg4 8. d4
e4 9. O-O Be7 10. Qc2 Qd7 11. Re1 O-O 12. b3 Rac8 13. a3 Bh3 14. Nf4 Bxg2 15.
Kxg2 a6 16. Bd2 Bd8 17. Qb2 Bc7 18. Na4 b6 19. Rac1 Ne7 20. Rc3 Rb8 21. Rec1
Rfc8 22. R3c2 Bxf4 23. Rxc8+ Nxc8 24. exf4 Nd6 25. Be3 Nf5 26. Qc3 Kf8 27. Qb4+
Qe7 28. Qxe7+ Kxe7 29. h3 Nxe3+ 30. fxe3 Nd7 31. Rc6 f6 32. Nc3 Kd8 33. Nxd5 f5
34. g4 fxg4 35. hxg4 Rc8 36. Rxc8+ Kxc8 37. Kg3 Kd8 38. f5 Ke8 39. Kf4 Kf7 40.
Kxe4 Nf6+ 41. Nxf6 Kxf6 42. Kd5 Kg5 43. Ke6 Kxg4 44. d5 h5 45. d6 h4 46. d7 h3
47. d8=Q h2 48. Qd1+ Kg3 49. Qh1 1-0

[Event "10. Volme-Open (H)"]
[Site "?"]
[Date "2016.08.28"]
[Round "5"]
[White "Weirich , Ralf"]
[Black "Arnoldi , Ekkehard"]
[Result "0-1"]
[WhiteElo "1263"]
[BlackElo "1271"]
[PlyCount "76"]
[SourceDate "2016.08.28"]

1. e4 c5 2. Nf3 a6 3. Nc3 d6 4. d4 cxd4 5. Nxd4 e5 6. Nf3 h6 7. Be2 Nf6 8. O-O
Nc6 9. a4 Be7 10. b3 O-O 11. Nd2 Nd4 12. Ba3 Nxe2+ 13. Qxe2 Bd7 14. Nc4 b5 15.
Nxd6 Qc7 16. Qd2 Qb6 17. Nd5 Nxd5 18. Qxd5 Bf6 19. Nxf7 Be6 20. Nxh6+ gxh6 21.
Qd6 Qxd6 22. Bxd6 Rfd8 23. Rfd1 Rac8 24. axb5 axb5 25. Rac1 Rc6 26. Bb4 Rxd1+
27. Rxd1 Rxc2 28. Kf1 Bxb3 29. Rd6 Bc4+ 30. Ke1 Re2+ 31. Kd1 Rxf2 32. Rd2 Rf1+
33. Kc2 Bg5 34. Rd7 Rf2+ 35. Bd2 Rxg2 36. Kc3 Rxh2 37. Bxg5 hxg5 38. Kb4 Rb2+
0-1

[Event "10. Volme-Open (H)"]
[Site "?"]
[Date "2016.08.28"]
[Round "5"]
[White "Stoltmann, Till"]
[Black "Werner, Maxim"]
[Result "1/2-1/2"]
[WhiteElo "1388"]
[BlackElo "1235"]
[PlyCount "50"]
[EventDate "2016.08.26"]
[SourceDate "2016.08.28"]

1. d4 d5 2. c4 Nf6 3. Nc3 e6 4. Bg5 Be7 5. Nf3 O-O 6. e3 Nbd7 7. cxd5 exd5 8.
Bd3 c5 9. dxc5 Nxc5 10. Be2 Be6 11. O-O h6 12. Bh4 Ng4 13. Bxe7 Qxe7 14. Nxd5
Bxd5 15. Qxd5 Rad8 16. Qf5 Nf6 17. Nd4 Rd5 18. Qc2 Nce4 19. Qb3 Nd2 20. Qd3
Nxf1 21. Rxf1 Qe4 22. Qc4 Rfd8 23. Bf3 Rxd4 24. exd4 Qxd4 25. Qxd4 Rxd4 1/2-1/2

[Event "10. Volme-Open (H)"]
[Site "?"]
[Date "2016.08.28"]
[Round "5"]
[White "Burosch, Raimund"]
[Black "Kroo , Waldemar"]
[Result "1-0"]
[WhiteElo "1408"]
[BlackElo "1243"]
[PlyCount "73"]
[SourceDate "2016.08.28"]

1. Nf3 d5 2. g3 Nf6 3. d3 e6 4. Bg2 Be7 5. Nbd2 O-O 6. O-O c5 7. c3 Nc6 8. Re1
Qc7 9. e4 dxe4 10. dxe4 e5 11. Qe2 b6 12. Nf1 h6 13. Nh4 Bg4 14. f3 Be6 15. Nf5
Bxf5 16. exf5 Nh7 17. f4 f6 18. Bd5+ Kh8 19. c4 Rad8 20. Qf3 Nd4 21. Qd3 Qc8
22. fxe5 Qxf5 23. Be4 Qh3 24. Bxh7 fxe5 25. Be4 Ne6 26. Bg2 Qxg2+ 27. Kxg2 Rxd3
28. Rxe5 Rd1 29. Ne3 Re1 30. Rxe6 Re2+ 31. Kh3 Bg5 32. Re5 Kh7 33. Ng4 Rxe5 34.
Nxe5 Rf1 35. Nd3 Rd1 36. Nf4 Bf6 37. Rb1 1-0

[Event "10. Volme-Open (I)"]
[Site "?"]
[Date "2016.08.28"]
[Round "5"]
[White "Pectopalian, David"]
[Black "Bober, Tim"]
[Result "1/2-1/2"]
[WhiteElo "779"]
[BlackElo "1070"]
[PlyCount "55"]
[SourceDate "2016.08.28"]

1. e4 e5 2. Nf3 Nc6 3. Bc4 Bc5 4. O-O Nf6 5. Nc3 d6 6. d3 a6 7. Nd5 h6 8. h3
Be6 9. c3 Na5 10. Qa4+ c6 11. Nxf6+ gxf6 12. Bxe6 fxe6 13. b4 b5 14. Qd1 Bb6
15. bxa5 Bxa5 16. Qb3 d5 17. c4 bxc4 18. dxc4 Rb8 19. Qa4 Kf7 20. Qxc6 Bc3 21.
Bd2 Bxa1 22. Rxa1 dxe4 23. Qxe4 Rg8 24. Qh7+ Rg7 25. Qxh6 e4 26. Nh4 Qh8 27.
Qxh8 Rxh8 28. g3 1/2-1/2

[Event "10. Volme-Open (I)"]
[Site "?"]
[Date "2016.08.28"]
[Round "5"]
[White "Sorol, Marcel"]
[Black "Becker, Lukas"]
[Result "1-0"]
[WhiteElo "838"]
[BlackElo "1046"]
[PlyCount "81"]
[SourceDate "2016.08.28"]

1. d4 d5 2. Bf4 Nf6 3. Nf3 Nc6 4. c3 e6 5. e3 Bd7 6. Bd3 Be7 7. Nbd2 O-O 8. Ne5
Bd6 9. Bc2 Qe7 10. Bg3 Na5 11. Ndf3 c5 12. Nxd7 Qxd7 13. Ne5 Qc7 14. Rc1 Nc4
15. Nxc4 Bxg3 16. hxg3 dxc4 17. Qe2 b5 18. a4 a6 19. e4 cxd4 20. cxd4 e5 21. d5
Qc5 22. axb5 axb5 23. Qd2 b4 24. Bb3 Nxe4 25. Qe2 Qxd5 26. Bxc4 Qb7 27. Qf3 Nd6
28. Bd5 e4 29. Qh5 h6 30. Bxb7 Nxb7 31. Qg4 Ra6 32. Qe2 Rfa8 33. O-O Nd6 34.
Rc7 Ra2 35. Rd7 R8a6 36. Rd1 f5 37. R7xd6 R6a4 38. Qc4+ Kh7 39. b3 R4a3 40. Rd8
Rb2 41. Qg8+ 1-0

[Event "10. Volme-Open (I)"]
[Site "?"]
[Date "2016.08.28"]
[Round "5"]
[White "Avram, Luca"]
[Black "Becker, Linda"]
[Result "1/2-1/2"]
[WhiteElo "1167"]
[BlackElo "1213"]
[PlyCount "63"]
[SourceDate "2016.08.28"]

1. e4 g6 2. d4 Bg7 3. Nc3 d6 4. Nf3 Bg4 5. h3 Bxf3 6. Qxf3 Bxd4 7. Bc4 Nf6 8.
Bh6 Nc6 9. O-O Ne5 10. Qe2 Nxc4 11. Qxc4 e5 12. Nd5 Nxd5 13. Qxd5 c6 14. Qb3
Qd7 15. c3 Bb6 16. Rfd1 O-O-O 17. c4 Qe7 18. Be3 c5 19. Rd5 f5 20. f3 h5 21.
Rad1 Rd7 22. Bf2 Rf8 23. Qb5 Qf6 24. Be1 fxe4 25. fxe4 Qf1+ 26. Kh2 Qf4+ 27.
Kh1 Qxe4 28. Rxd6 Rxd6 29. Rxd6 Qxe1+ 30. Kh2 Rf1 31. Qd7+ Kb8 32. Qe8+ 1/2-1/2

[Event "10. Volme-Open (I)"]
[Site "?"]
[Date "2016.08.28"]
[Round "5"]
[White "Vishanji, Denis"]
[Black "Laufer, Maximilian"]
[Result "0-1"]
[WhiteElo "1227"]
[BlackElo "811"]
[PlyCount "28"]
[SourceDate "2016.08.28"]

1. e4 e5 2. Nf3 Nc6 3. d4 exd4 4. Nxd4 Bc5 5. Nxc6 bxc6 6. Nc3 Nf6 7. Bd3 O-O
8. O-O d5 9. Re1 Ng4 10. Be3 d4 11. Na4 dxe3 12. fxe3 Bxe3+ 13. Kf1 Nxh2+ 14.
Ke2 Bg4+ 0-1